000 00287 a2200121 4500
001 146633
040 _cEscola São Tomás de Aquino
100 _aDUPRÉ, Maria José
240 1 0 _aA Mina de Ouro
_lpor
245 1 0 _aA Mina de Ouro
697 _a*LITERATURA INFANTO JUVENIL
942 _cBK
999 _c146633
_d146633